THE SHORT TEXT BOOK OF MEDICAL MICROBIOLOGY FOR DENTAL STUDENTS (Record no. 4839)

MARC details
000 -LEADER
fixed length control field 00371nam a2200133Ia 4500
008 - FIXED-LENGTH DATA ELEMENTS--GENERAL INFORMATION
fixed length control field 150201s2014 xx 000 0 und d
082 ## - DEWEY DECIMAL CLASSIFICATION NUMBER
Classification number 616.01
Item number M2012S
100 ## - MAIN ENTRY--PERSONAL NAME
Personal name GUPTE ,SATISH
245 ## - TITLE STATEMENT
Title THE SHORT TEXT BOOK OF MEDICAL MICROBIOLOGY FOR DENTAL STUDENTS
250 ## - EDITION STATEMENT
Edition statement 1ST
260 ## - PUBLICATION, DISTRIBUTION, ETC. (IMPRINT)
Name of publisher, distributor, etc. JAYPEE BROTHERS MEDICAL PUBLISHERS
650 ## - SUBJECT ADDED ENTRY--TOPICAL TERM
Topical term or geographic name as entry element MICROBIOLOGY
942 ## - ADDED ENTRY ELEMENTS (KOHA)
Source of classification or shelving scheme Dewey Decimal Classification
Koha item type Books
Holdings
Withdrawn status Lost status Source of classification or shelving scheme Damaged status Not for loan Home library Current library Date acquired Serial Enumeration / chronology SGTU Total Checkouts Full call number Barcode Date last seen Date last checked out Bill Date Koha item type
    Dewey Decimal Classification     SGT Dental Library SGT Dental Library 06/11/2014 1 SGTU 5 616.01 M2012S FD6981 12/05/2026 20/04/2026 09/02/2015 Books
    Dewey Decimal Classification     SGT Dental Library SGT Dental Library 06/11/2014 1 SGTU   616.01 M2012S FD6982 09/02/2015   09/02/2015 Books
    Dewey Decimal Classification     SGT Dental Library SGT Dental Library 06/11/2014 1 SGTU   616.01 M2012S FD6983 09/02/2015   09/02/2015 Books
    Dewey Decimal Classification     SGT Dental Library SGT Dental Library 06/11/2014 1 SGTU 1 616.01 M2012S FD6984 30/01/2019 25/01/2019 09/02/2015 Books
    Dewey Decimal Classification     SGT Dental Library SGT Dental Library 06/11/2014 1 SGTU   616.01 M2012S FD6985 09/02/2015   09/02/2015 Books